000 00670nam a2200217 a 4500
001 012242
003 BD-ChCU
008 Ben
020 _a৯৮৪১৫০০২৭৯
040 _aDLC
_cDLC
_dBD-ChCU
082 0 0 _a১৯০/রাসে ৭ ন
100 1 _aরাসেল, বাটর্্রান্ড
_b-
245 1 0 _aনতুন আশা নতুন পৃথিবী
_b-
250 _a***
260 _aঢাকা
_bগ্লোব লাইব্রেরী
_c১৯৯১
300 _a**
504 _a- Biblio-
650 0 _aদর্শন, পাশ্চাত্য
_bদর্শন
700 1 _a-
942 _2ddc
_cBK
999 _c12242
_d12242